Statistics for Paris - Multiple Choice

Click here to take the quiz!

General Stats

  • This quiz has been taken 49 times
  • The average score is 14 of 20

Answer Stats

QuestionAnswer% Correct
What is the name of a arch which was built to celebrate victory?Arc de Triomphe
85%
What was the Paris agreement signed in 2015 about?Climate Change
85%
What region is Paris in?Ile-De-France
85%
What is the river that passes Paris?Seine
85%
What are districts of Paris called?Arrondissements
82%
What is the biggest airport in Paris?Paris-Charles De Gaulle
82%
What major event will he held in Paris in 2024 for the third time?Summer Olympics
82%
Where does the president of France live in Paris?Élysée Palace
79%
What is the largest stadium in Paris(although technically outside municipal boundaries) (and France)Stade de France
76%
What is the most common Parisian nationality outside of French?Algerian
73%
Which of the below lies directly under Paris?Paris Catacombs
73%
What is the tallest building in Paris?Eiffel Tower
70%
What is not allowed to be constructed in the Paris city center?Buildings over seven stories tall
67%
Which person did a massive renovation of Paris during the second empire?Georges Hausmann
64%
What is the business area of Paris called?La Defense
64%
How many of the above are there in Paris?20
58%
What university was divided into thirteen parts in 1970?Universite de Paris
55%
Which of the below museums is not Parisian?Musée Français de la Santé publique
52%
What political entity was created and destroyed in Paris in 1871?Paris Commune
45%
In which year was there no uprising/rioting in Paris?1931
39%

Score Distribution

Percentile by Number Answered

Percent of People with Each Score

Your Score History

You have not taken this quiz